| 000 | 01243nam a2200313 4500 | ||
|---|---|---|---|
| 001 | 0000014512 | ||
| 003 | CO-CtgCURN | ||
| 005 | 20250331185241.0 | ||
| 007 | ta | ||
| 008 | 160627s1992 000 0 eng d | ||
| 040 |
_aCO-CtgCURN _bspa _ccoctgcurn |
||
| 082 | 0 |
_a649.33 _bL115 |
|
| 245 | 0 | 0 |
_aLactancia materna en zonas marginadas de grandes ciudades Colombianas / _cGabriel Carrasquilla ... [et al.]. |
| 250 | _a2a ed. | ||
| 260 |
_aBogotá : _bFES, _c1992. |
||
| 300 | _a100 p. | ||
| 336 | _2rdacontent | ||
| 337 |
_2rdamedia _asin mediacion _bn |
||
| 338 |
_2rdacarrier _avolumen _bnc |
||
| 490 | 1 | _aSerie Salud | |
| 500 | _aIncluye anexo. | ||
| 505 | 8 | _aLactancia materna.--Estudio multicentrico de CAP de lactancia materna en areas urbanas marginadas de grandes ciudades Colombianas.--MetodologĂa.--Resultados.--Caracteristicas de la poblacion estudiada.--Caracteristicas de las mujeres encuestadas.--Caracteristicas de los agentes comunitarios de salud.--Opiniones sobre lactancia materna | |
| 650 | 1 | 4 | _aLactancia. |
| 700 | 1 | _aOsorio, Jairo. | |
| 700 | 1 | _aCarrasquilla, Gabriel. | |
| 908 | _a160627 | ||
| 942 |
_cBK _h649.33 _iL115 _2ddc |
||
| 999 |
_c24144 _d24144 |
||